000 00772nam a22002177a 4500
999 _c10268
_d10268
001 10268
003 OSt
005 20180520125755.0
008 180422b2002 bg ||||| |||| 00| 0 ben d
035 _a(BD-JhCC)10268
040 _aBD-JhCC
_dBD-JhCC
041 _aben
082 _a546
_bBUI 2002
100 _aভূইয়া, মুহাম্মদ কাউছার হাবিব
245 _aরাসায়নিক মৌলের আবিষ্কার ও প্রয়োগ /
_c মুহাম্মদ কাউছার হাবিব ভূইয়া
260 _aঢাকা :
_bবিজ্ঞান একাডেমী
_c2002.
300 _a224 p. :
_c21 cm.
650 _aChemical elements
942 _2ddc
_cBK